000 00789nam a2200265 i 4500
001 bg
100 1 _aZBIEGIEŃ-, MACIĄG
_bLidia
245 1 0 _aMarketing personalny czyli jak zarządzać pracownikami w firmie /
_cLidia Zbiegień-Maciąg.
260 _aWarszawa :
_bBusiness Press,
_c1996.
300 _a173 s. :
_brys., wykr. ;
_c21 cm.
490 1 _aBusinessman Book
504 _aBibliogr. s. 169-170.
650 9 _aKadry
_xpolityka
650 9 _aZarządzanie
_xmetody
650 9 _aZarządzanie
_xpsychologia
650 9 _aPraca
_xorganizacja
_xteoria
830 _aBusinessman Book
020 _a8390510626
040 _cBPK
041 0 _apl
080 _a658.3.012.4:159.9](075.8)
920 _a83-905106-2-6
942 _cKS
008 s pl f |000 0 pol
999 _c31789
_d31789
856 _uhttp://koha.tu.koszalin.pl/cgi-bin/koha/opac-detail.pl?biblionumber=31789
_yKatalog online BPK